LEADER 00822nam0-22002651i-450- 001 990005100680403321 005 19990530 035 $a000510068 035 $aFED01000510068 035 $a(Aleph)000510068FED01 035 $a000510068 100 $a19990530g19519999km-y0itay50------ba 101 0 $aita 105 $ay-------001yy 200 1 $a<>dèmocratie athènienne$eOuvrage publié avec le concours du Centre National de la recerche Scientifique$fPaul Cloché 210 $aParis$cPresses Universitaires de France$d1951. 215 $a430 p.$d23 cm 700 1$aCloché,$bPaul$f<1881-1961>$0401605 801 0$aIT$bUNINA$gRICA$2UNIMARC 901 $aBK 912 $a990005100680403321 952 $a2/I F 29$bBibl. 26.635$fFLFBC 959 $aFLFBC 996 $aDèmocratie athènienne$9535695 997 $aUNINA LEADER 01529nam 2200385 n 450 001 996391370403316 005 20221108062833.0 035 $a(CKB)4940000000104418 035 $a(EEBO)2248543266 035 $a(UnM)99850962 035 $a(EXLCZ)994940000000104418 100 $a19920318d1564 uy | 101 0 $aeng 135 $aurbn||||a|bb| 200 14$aThe catechisme or maner to teache children the Christian religion$b[electronic resource] $ewherein the minister demandeth the question, and the chylde maketh answere: /$fmade by the excellent doctor and pastor in Christs churche, Iohn Caluin. 210 $aImprinted at Edinbrough $cby me Robert Lekpreuik.$d1564. 215 $a181 p 300 $aIdentified on film as 4382; STC (2nd ed.) declares 4382 to be part of 16577 et seq. 300 $aA translation of "Cate?chisme de l'E?glise de Gene?ve" by John Calvin. 300 $aSignatures: A-K8 L6 (last leaves blank?) 300 $aInitial; tailpiece to catechism, a rose. 300 $aReproduction of the original in the Folger Shakespeare Library. 330 $aeebo-0055 606 $aCatechisms$vEarly works to 1800 615 0$aCatechisms 700 $aCalvin$b Jean$f1509-1564.$0154241 701 $aCalvin$b Jean$f1509-1564.$0154241 801 0$bCu-RivES 801 1$bCu-RivES 801 2$bCStRLIN 801 2$bWaOLN 906 $aBOOK 912 $a996391370403316 996 $aThe catechisme or maner to teache children the Christian religion$92301926 997 $aUNISA LEADER 00857nem 2200325 n 450 001 9910791509103321 005 20200520144314.0 035 $a(CKB)2560000000057201 035 $a(MiAaPQ)EBC3329736 035 $a(Au-PeEL)EBL3329736 035 $a(CaPaEBR)ebr10002577 035 $a(OCoLC)842962366 035 $a(EXLCZ)992560000000057201 100 $a20101210d1999 uy 101 0 $aeng 135 $aurcn||||||||| 200 00$aDelaware$b[electronic resource] 210 $a[S.l.] $cMaps.com$dc1999 215 $a1 online resource (1 map) 517 3 $aPolitical map, US, states, Delaware 607 $aDelaware$vMaps 607 $aDelaware 712 02$aMaps.com (Firm) 801 0$bMiAaPQ 801 1$bMiAaPQ 801 2$bMiAaPQ 906 $aBOOK 912 $a9910791509103321 996 $aDelaware$93149729 997 $aUNINA